Va a ser realidad la construcción de una monumental cruz y una ermita en el Puigcastellar
Descripción Física:
Il·lustracions
Colección:
San Jorge,
; núm. 13 (gener 1954), pàg 98
Materias:
Puig Castellar (Barcelonès, Catalunya)
Idioma:
Español
MARC
| LEADER | 00000naa a2200000 a 4500 | ||
|---|---|---|---|
| 003 | Arxiu | ||
| 005 | 20260324181026.0 | ||
| 008 | 160829s1954 spcaxx s spa c | ||
| 040 | |a agdb | ||
| 245 | 0 | 0 | |a Va a ser realidad la construcción de una monumental cruz y una ermita en el Puigcastellar |
| 300 | |b Il·lustracions | ||
| 490 | |a San Jorge, |v núm. 13 (gener 1954), pàg 98 | ||
| 651 | 0 | |a Puig Castellar (Barcelonès, Catalunya) |9 54898 | |
| 773 | |g Núm. 13 (gener 1954), pàg 98 |t San Jorge. | ||
| 901 | |a Arxiu | ||
| 942 | |n 1 |2 udc |c ART | ||
| 952 | |0 0 |1 0 |4 0 |6 REV509 |7 1 |9 64757 |a Arxiu |b Arxiu |d 2022-12-13 |l 0 |o Rev-509 |r 2022-12-13 00:00:00 |w 2022-12-13 |y ARXIU |z També disponible a Rev-523 | ||
| 999 | |c 44055 |d 44055 | ||